000 00217nam a22000857a 4500
999 _c11026
_d11026
008 180726b ||||| |||| 00| 0 eng d
100 _aQuinn Jason
_96765
245 _aThe Little Alien
260 _aNew Delhi
_bCampfire
_c2016